| 000 -LEADER |
| fixed length control field |
00417cam a22001337a 4500 |
| 008 - FIXED-LENGTH DATA ELEMENTS--GENERAL INFORMATION |
| fixed length control field |
180718b1971 xxu||||| |||| 00| 0 eng d |
| 082 ## - DEWEY DECIMAL CLASSIFICATION NUMBER |
| Classification number |
B123 Sm53 |
| 245 ## - TITLE STATEMENT |
| Title |
Conflict resolution: contribution of the behavioral sciences |
| Statement of responsibility, etc. |
edited by Glagolt G. Smith |
| 260 ## - PUBLICATION, DISTRIBUTION, ETC. |
| Place of publication, distribution, etc. |
Notre Dame |
| Name of publisher, distributor, etc. |
Notre Dame Univ. |
| Date of publication, distribution, etc. |
1971 |
| 300 ## - PHYSICAL DESCRIPTION |
| Extent |
553p. |
| 650 ## - SUBJECT ADDED ENTRY--TOPICAL TERM |
| Topical term or geographic name entry element |
Conflict (Psychology) |
| 650 ## - SUBJECT ADDED ENTRY--TOPICAL TERM |
| Topical term or geographic name entry element |
Social conflict |
| 700 ## - ADDED ENTRY--PERSONAL NAME |
| Personal name |
Smith, Glagolt G. |